Obrazový atlas dinosaurů pro nejmenší /

Hlavní autor: Burnie, David, 1955-
Další autoři: Lewis, Anthony, 1966-
Jazyk: Čeština
Vydáno: Praha : Svojtka & Co., 2012
Vydání: 1. české vyd.
Témata:
Fyzický popis: 48 s. : barev. il., mapy ; 32 cm
Knihy
Uloženo v:
LEADER 01666nam a2200493 a 4500
001 nkc20122396259
003 CZ PrNK
005 20260427100352.0
007 ta
008 120926s2012 xr ab b f 001 0 cze
015 |a cnb002396259 
020 |a 978-80-256-0835-7  |q (váz.)  |z 978-80-256-0656-8 
035 |a (OCoLC)817049637 
040 |a ABA001  |b cze 
041 1 |a cze  |h eng 
072 7 |a 56  |x Paleontologie  |2 Konspekt  |9 7 
072 7 |a 0/9-053.2  |x Literatura pro děti a mládež (naučná)  |2 Konspekt  |9 26 
080 |a 598.192  |2 MRF 
080 |a 56:574  |2 MRF 
080 |a (084.42)  |2 MRF 
080 |a (0.053.2)  |2 MRF 
100 1 |a Burnie, David,  |d 1955-  |7 xx0003975  |4 aut 
245 1 0 |a Obrazový atlas dinosaurů pro nejmenší /  |c David Burnie ; ilustrace Anthony Lewis 
250 |a 1. české vyd. 
260 |a Praha :  |b Svojtka & Co.,  |c 2012 
300 |a 48 s. :  |b barev. il., mapy ;  |c 32 cm 
500 |a Přeloženo z angličtiny 
500 |a Terminologický slovník 
500 |a Obsahuje rejstřík 
650 0 7 |a dinosauři  |7 ph114326  |2 czenas 
650 0 7 |a paleoekologie  |7 ph115646  |2 czenas 
650 0 9 |a dinosaurs  |2 eczenas 
650 0 9 |a paleoecology  |2 eczenas 
655 7 |a atlasy  |7 fd131835  |2 czenas 
655 7 |a publikace pro děti  |7 fd133156  |2 czenas 
655 9 |a atlases  |2 eczenas 
655 9 |a children's literature  |2 eczenas 
700 1 |a Lewis, Anthony,  |d 1966-  |7 xx0060052  |4 ill 
765 0 |t First picture dinosaur atlas  |9 Česky 
910 2 |a BOA001  |b 4-1292.388 
990 |a BK 
995 |a 01 
991 |b 201210  |c NOV  |e dn 
996 6 |b 2610524560  |c 4-1292.388  |l MZK  |r Sklad / do 1 hodiny  |n 2  |p p.v.  |w 001287620  |u 000010  |a 1  |e BOA001  |j MZK50  |s P